Illustrated history of Islam (Record no. 325260)

000 -LEADER
fixed length control field 00250 a2200109 4500
001 - CONTROL NUMBER
control field 90187
082 ## - DEWEY DECIMAL CLASSIFICATION NUMBER
Classification number 297.09 RAU
090 ## - LOCALLY ASSIGNED LC-TYPE CALL NUMBER (OCLC); LOCAL CALL NUMBER (RLIN)
-- 42527
-- 42527
100 ## - MAIN ENTRY--PERSONAL NAME
Personal name Rauf Abdul
245 ## - TITLE STATEMENT
Title Illustrated history of Islam
260 ## - PUBLICATION, DISTRIBUTION, ETC.
Place of publication, distribution, etc. Lahore
Name of publisher, distributor, etc. Ferozsons
Date of publication, distribution, etc. 1994
942 ## - ADDED ENTRY ELEMENTS (KOHA)
Institution code [OBSOLETE] NUST-CAE
Call number prefix 297.09 RAU
Holdings
Withdrawn status Lost status Damaged status Not for loan Collection code Permanent Location Current Location Date acquired Total Checkouts Full call number Barcode Date last seen Price effective from Koha item type
          College of Aeronautical Engineering (CAE) College of Aeronautical Engineering (CAE) 04/03/2017   297.09 RAU CAE69011 04/05/2017 04/05/2017 Book
© 2023 Central Library, National University of Sciences and Technology. All Rights Reserved.